Pensamiento de la Ilustración (Record no. 8416)

MARC details
000 -LEADER
campo de control de longitud fija 00944nam a2200253 i 4500
001 - NÚMERO DE CONTROL
campo de control 8416
003 - IDENTIFICADOR DE NÚMERO DE CONTROL
campo de control ES-MaACL
005 - FECHA Y HORA DE LA ÚLTIMA TRANSACCIÓN
campo de control 20230906145443.0
007 - CAMPO FIJO DE DESCRIPCIÓN FÍSICA--INFORMACIÓN GENERAL
campo de control de longitud fija t|
008 - DATOS DE LONGITUD FIJA--INFORMACIÓN GENERAL
campo de control de longitud fija 920616s1979 ve |||| | spa d
020 ## - NÚMERO INTERNACIONAL ESTÁNDAR DEL LIBRO
Número Internacional Estándar del Libro 84-660-0010-0
080 ## - NÚMERO DE LA CLASIFICACIÓN DECIMAL UNIVERSAL
Número de la Clasificación Decimal Universal 008(8.03)"17"
245 00 - MENCIÓN DEL TÍTULO
Título Pensamiento de la Ilustración
Resto del título : economía y sociedad iberoamericanas en el siglo XVIII /
Mención de responsabilidad, etc. compilación, prólogo, notas y cronología, José Carlos Chiaramonte.
260 ## - PUBLICACIÓN, DISTRIBUCIÓN, ETC.
Lugar de publicación, distribución, etc. Caracas :
Nombre del editor, distribuidor, etc. Biblioteca Ayacucho,
Fecha de publicación, distribución, etc. D.L. 1979.
300 ## - DESCRIPCIÓN FÍSICA
Extensión XL, 449 p. ;
Dimensiones 23 cm.
490 1# - MENCIÓN DE SERIE
Mención de serie Biblioteca Ayacucho ;
Designación de volumen o secuencia 51
650 14 - PUNTO DE ACCESO ADICIONAL DE MATERIA--TÉRMINO DE MATERIA
Término de materia o nombre geográfico como elemento de entrada Ilustración-
Subdivisión geográfica América española.
9 (RLIN) 168095
651 #4 - PUNTO DE ACCESO ADICIONAL DE MATERIA--NOMBRE GEOGRÁFICO
Nombre geográfico América española-
Subdivisión general Situación económica-
Subdivisión cronológica S.XVIII.
9 (RLIN) 168096
651 #4 - PUNTO DE ACCESO ADICIONAL DE MATERIA--NOMBRE GEOGRÁFICO
Nombre geográfico América española-
Subdivisión general Situación social-
Subdivisión cronológica S.XVIII.
9 (RLIN) 168097
700 1# - ENTRADA AGREGADA--NOMBRE PERSONAL
Nombre de persona Chiaramonte, José Carlos.
9 (RLIN) 38463
830 0# - PUNTO DE ACCESO ADICIONAL DE SERIE-TÍTULO UNIFORME
Título uniforme Biblioteca Ayacucho ;
Designación de volumen o secuencia 51
9 (RLIN) 177888
852 ## - LOCALIZACIÓN
Ubicación ES-MaACL
Número de control de estantería L-15854
Holdings
Estatus retirado Estado de pérdida Estado de daño No para préstamo Biblioteca de origen Biblioteca actual Ubicación en estantería Fecha de adquisición Fuente de adquisición Total de préstamos Signatura topográfica completa Código de barras Visto por última vez Precio de reemplazo Tipo de ítem Koha
        Biblioteca del Ateneo de Madrid Biblioteca del Ateneo de Madrid Depósito 2 17/01/2008     L-15854 1008594 23/02/2023 23/02/2023 Libro impreso